000 00609cam a22001931 4500
001 af 47002301
003 DLC
005 20260227110813.0
008 870709s1944 ne a 000 0 dut c
010 _aaf 47002301
035 _a(OCoLC)16156070
040 _aMichigan. Univ. Library
_cCLU
_dDLC
042 _apremarc
050 0 0 _aPT5844.H578
_bD8
100 1 _aHoof, Henri van.
245 1 0 _aDuivels met dubbele tongen;
_bde nederlandsche tragedie van 1921-1941,
_cin romanvorm verteld door Henri van Hoof.
260 _aAmsterdam,
_bVolksche uitgeverij Westland,
_c1944.
300 _a231 p.
_billus.
_c19 cm.
999 _c1653
_d1653